000 00352nam a2200145Ia 4500
008 230917s9999||||xx |||||||||||||| ||und||
040 _e141715
_aMAIN
041 _aEnglish
082 _a320.954 N164P
100 _aNarain, Iqbal
245 0 _aPolitical dimensions of development
260 _aJaipur
_bRawat
_c1994
300 _a138p p.
942 _cBK
999 _c83399
_d83399